000 00281nam a2200133Ia 4500
100 _aGibson/Jerry D
942 _cBK
654 _amultimedia
245 _aMultimedia communication
260 _bAcademic Press
_c2001
082 _a4.65
_bGIB
300 _a318
546 _aENGLISH
999 _c26791
_d26791